000 00786cam a2200265 a 4500
999 _c173
_d173
001 310063
003 OSt
005 20180808164727.0
008 910506s1989 ii b 00010 eng d
020 _a8174750150
035 _a(CStRLIN)NJPT91-B2471
035 _a(OCoLC)ocn936465132
040 _aNjPT
_cNjPT
082 _a269.2
_bG571K
090 _aBV2063
_b.G62 1989
100 1 0 _aGnanakan, Ken R.
245 1 0 _aKingdom concerns :
_ba biblical exploration towards a theology of mission /
_cKen R. Gnanakan.
260 0 _aBangalore, India :
_bTheological Book Trust,
_c1989.
300 _av, 204 p. ;
_c22 cm.
504 _aIncludes bibliographical references.
650 0 _aMissions
_xTheory.
650 0 _aMissions
_xBiblical teaching.
690 _aMissions
942 _2ddc
_cBK